00637 a2200181 4500003000400000005001700004008004100021020001800062040000900080082002000089100003400109245005100143260004100194300001400235942004600249952014300295999001700438OSt20260310131558.0260310b |||||||| |||| 00| 0 eng d a9788192827001 coclc a894.8129bTHI/Y aThiruvazhamkunnu, T. R910432 aYathra annubhavam orma/ cT R Thiruvazhamkunnu aCalicut:bThunchan pusthakam,c2017. a130 pages 2ddccBKh894.8129iTHI/Yk894.8129mTHI/Y 00102ddc40708MEMOIRSaMESbMEScMALd2026-03-10g110.00l0o894.8129 THI/Yp46186r2026-03-10 13:15:52v110.00w2026-03-10yBKzGR34R1 c44713d44713